| 000 | 01041nam a2200289 a 4500 | ||
|---|---|---|---|
| 001 | BRCA_6295 | ||
| 005 | 20190320205413.0 | ||
| 008 | 040811s1851----sp-a######---#000-0#spa-# | ||
| 041 | _aspa | ||
| 044 | _asp | ||
| 050 | 4 |
_aE111.C6 _b.I78 1851 |
|
| 100 | 1 |
_aIrving, Washington _915783 |
|
| 245 | 1 | 0 |
_aVida y viajes de Cristóbal Colón _cpor Washington Irving. |
| 260 |
_aMadrid _bGaspar y Roig _c1851 |
||
| 300 |
_a2 t. en 1 v. _bil. _c28 cm. |
||
| 440 | 0 |
_aBiblioteca de Gaspar y Roig _915784 |
|
| 500 | _aEstado físico: lomo deteriorado y parcialmente desprendido | ||
| 500 | _aC164 | ||
| 505 | 0 | _aContenido: t.1. Vida y viajes de Cristóbal Colón. -- t.2. Historia de la conquista del Perú con observaciones preliminares sobre la civilización de los Incas | |
| 600 | 1 | 4 |
_aColón, Cristóbal _d1451-1506 _915785 |
| 650 | 1 | 4 |
_aIncas _zPerú _915786 |
| 651 | 4 |
_aAmérica _xDescubrimiento y exploraciones _915787 |
|
| 651 | 4 |
_aPerú _xHistoria _915788 |
|
| 700 | 1 |
_aPrescott, Guillermo H. _915789 |
|
| 902 | _aGFM | ||
| 942 |
_2lcc _cB |
||
| 999 |
_c5981 _d5981 |
||